[Event "Treppenturnier 2023"]
[Site "Turnierstufe"]
[Date "2024.09.23"]
[Round "44-4"]
[White "Reflection II max Super Expert B sel. 4"]
[Black "Reflection II max Amsterdam"]
[Result "0-1"]
[WhiteElo "2160"]
[BlackElo "2179"]
[PlyCount "143"]

1.d4 d5 2.Nf3 Nc6 3.c4 Bg4 4.e3 {Buchende.} 4...e6 {Buchende.} 5.Be2 Nf6 6.Nc3 
Be7 7.O-O O-O 8.h3 Bh5 9.Bd2 dxc4 10.Rc1 a6 11.Nb1 Bg6 12.Bxc4 Nd5 13.Nc3 Nb6 
14.Bb3 Bd3 15.Ne2 Qd6 16.Bc3 Bg6 17.Nf4 Bf5 18.Nd3 Nd5 19.Qe2 Nxc3 20.bxc3 Bxd3 
21.Qxd3 Rab8 22.Bc2 g6 23.e4 Rfd8 24.e5 Qa3 25.Qc4 Na5 26.Qxc7 $6 Rbc8 27.Qb6 
Rxc3 {(+0.80)} 28.Qb1 Rdc8 29.d5 $2 {Sehr spekulativ, aber Material geht sowieso
verloren.} ( 29.Ne1 R8c4 30.Rd1 Rb4 31.Bb3 Nxb3 32.axb3 Qxb3 {...} ) ( 29.Nd2 
Qb4 30.Bb3 Rxc1 31.Rxc1 Rxc1+ 32.Qxc1 Qxd4 {...} ) 29...exd5 30.Nd4 Qc5 ( 
{Oder} 30...R8c4 31.Ne2 Rxh3 $1 32.gxh3 Qxh3 33.Bf5 gxf5 34.Rxc4 Nxc4 35.Qb3 
Qxf1+ 36.Kxf1 Nd2+ {...} ) 31.Rcd1 Nc6 32.Nxc6 bxc6 33.Qb7 Re8 34.Bb3 Bg5 
35.Qxa6 Rxe5 36.Rb1 Bf4 {Amsterdam steht nun richtig überlegen ...} 37.Ba4 Re4 
38.Bb3 Kg7 39.Rfd1 Bg3 40.Qf1 Bc7 41.Rd2 Re6 42.a4 Qe7 ( {Schön ist diese
Abwicklung:} 42...Rf6 43.Qe1 ( 43.Rdd1 Qd6 44.g3 Rxg3+ 45.fxg3 Qxg3+ 46.Qg2 
Qe3+ {...} ) ( 43.Kh1 Qd6 44.Qg1 Qe6 45.g3 Rxf2 46.Rxf2 Rxg3 47.Bc2 Rxh3+ 
48.Kg2 Rg3+ {...} ) 43...Qd6 44.g3 Bb6 45.Kh1 Rcf3 46.Rbb2 Ba5 47.Kg2 Bxd2 
48.Qxd2 Rxf2+ 49.Qxf2 Rxf2+ 50.Rxf2 c5 51.a5 c4 {...} ) 43.Rdb2 Qg5 44.Kh1 Bd6 
45.a5 Qf4 46.Qg1 Qf5 47.Qf1 Qe4 48.Kg1 Qe5 49.g3 Bc5 50.Kh1 Rf6 51.Re1 Qd4 {Bis
hierher kommt Mephisto nicht wirklich weiter, ...} 52.Bd1 {... aber dieser Zug
lädt förmlich ein zu:} 52...Rxg3 53.Rc2 Rxf2 ( 53...Qh4 54.fxg3 Rxf1+ 55.Kg2 
Rg1+ 56.Rxg1 Qe4+ 57.Kh2 Bxg1+ 58.Kxg1 {...} ) 54.Rxf2 Qxf2 55.Qxf2 Bxf2 56.Rf1 
{(-03.56)} 56...Bc5 57.Ba4 Rxh3+ 58.Kg2 Ra3 59.Bxc6 d4 60.Rb1 Rxa5 {Rest in 1
Stunde bzw. 1 Minute pro Zug.} 61.Kf3 d3 62.Rb2 Ra3 63.Bd5 h5 64.Rb3 {Nun geht's
einfacher.} 64...d2 65.Ke2 Rxb3 66.Bxb3 Bb4 67.Bd5 f5 {(+9.50)} 68.Bb3 
{(-04.61)} 68...h4 69.Ke3 h3 70.Ke2 g5 71.Be6 Kf6 72.Bb3 {(resign) - Super
Expert B gibt auf.} 0-1

[Event "Treppenturnier 2023"]
[Site "Turnierstufe"]
[Date "2024.09.25"]
[Round "45-1"]
[White "Reflection II max Amsterdam"]
[Black "Reflection II max Super Expert C sel. 5"]
[Result "1-0"]
[WhiteElo "2188"]
[BlackElo "2190"]
[PlyCount "126"]

1.e4 e5 2.Nc3 Nf6 3.Bc4 Nc6 4.d3 Bb4 5.Bg5 {Buchende.} 5...h6 6.Bxf6 Qxf6 
{Buchende.} 7.Nf3 Na5 8.Bb3 Nxb3 9.axb3 d6 10.O-O c6 11.h3 O-O 12.d4 exd4 
13.Qxd4 Qxd4 14.Nxd4 Re8 15.Rfe1 Bd7 16.Kf1 a6 17.Nde2 f5 18.exf5 Bxf5 19.Rac1 
Bh7 20.Red1 d5 $15 {Nach 20 Zügen ist Amsterdam in der Defensive, muss sich
gegen das langschrittige schwarze Läuferpaar verteidigen.} 21.Nd4 Bd6 22.Nce2 
Kh8 23.Re1 Re7 24.Nc3 Rxe1+ 25.Kxe1 Re8+ 26.Kd1 Kg8 27.Ra1 c5 {(+00.70)} 28.Nf3 
{(-1.32)} 28...d4 29.Nb1 Kf7 30.Ne1 Kf6 ( {Besser ist wohl:} 30...Ke6 31.Nd2 
Bc7 {und z.B.} 32.c3 Be5 33.Ra5 dxc3 34.bxc3 Bxc3 35.Rxc5 Bd4 {...} ) 31.Nd2 
Bc7 32.Nd3 Bxd3 $10 {Läuferpaar und Vorteil sind weg. Weiß hat wieder Luft zum
atmen.} 33.cxd3 Ke6 34.Rc1 Bb6 35.Rc4 a5 36.Ne4 Kd5 37.Ke2 g6 38.h4 Re7 39.Kf3 
h5 40.Kf4 Re6 {Bei der Zeitkontrolle sieht es nach Remis aus.} 41.g4 Bc7+ 
42.Kg5 Bd8+ 43.Kh6 Rc6 $2 {Fehler, denn jetzt kann sich Weiss vorgerückte
Freibauern schaffen.} ( 43...Be7 {und nichts ist los.} 44.g5 b5 45.Rc1 c4 
46.bxc4+ bxc4 47.Nf6+ Bxf6 48.gxf6 Rxf6 49.Rxc4 Rxf2 50.Ra4 Rxb2 51.Kxg6 Rb3 
52.Rxa5+ Ke6 53.Kxh5 Rxd3 {usw.} ) 44.g5 $1 $16 Be7 45.Kg7 Ke5 46.Kf7 {(+1.45)} 
46...Rc7 {(-01.30) Hier denkt SEC etwa 14 Minuten nach, weil er Böses ahnt.} 
47.Kxg6 Rc8 48.Rc1 Kf4 49.Kxh5 $6 ( {Da gibt's besseres:} 49.Re1 {.} ) 
49...Rh8+ 50.Kg6 Rxh4 51.Nxc5 Kf3 52.Ne4 b5 53.Kf7 ( 53.Rc7 Bd8 54.Rd7 Bb6 
55.Kf5 {...} ) 53...Rxe4 $2 ( {Die letzte Chance für Schwarz ist wohl:} 
53...Bxg5 54.Nxg5+ Kxf2 55.Ke6 Ke3 56.Rd1 Ke2 57.Rg1 Kxd3 {...} ) 54.dxe4 Bxg5 
55.Rc5 Bh4 56.Rh5 Kg4 57.Rxb5 d3 58.e5 Kf3 59.Rxa5 Kxf2 60.e6 d2 61.Rd5 Ke1 
62.e7 Bxe7 63.Kxe7 d1=Q {resign.} 1-0

[Event "Treppenturnier 2023"]
[Site "Turnierstufe"]
[Date "2024.09.27"]
[Round "45-2"]
[White "Reflection II max Super Expert C sel. 5"]
[Black "Reflection II max Amsterdam"]
[Result "1/2-1/2"]
[WhiteElo "2180"]
[BlackElo "2198"]
[PlyCount "127"]

1.e4 c6 2.d4 d5 3.exd5 cxd5 4.c4 Nf6 5.Nc3 e6 6.Nf3 Bb4 7.cxd5 Nxd5 8.Bd2 Nc6 
{Buchende.} 9.Bd3 O-O 10.O-O Nf6 11.Bg5 h6 12.Bh4 {Buchende.} 12...Be7 13.Rc1 
$10 a6 14.Bc2 Qb6 15.Bxf6 Bxf6 16.Na4 Qa7 17.Qd3 Rd8 $6 ( 17...g6 {.} ) 18.Ne5 
$6 ( 18.Qh7+ Kf8 19.Be4 Bd7 20.Rfd1 {...} ) 18...Nxe5 19.Qh7+ Kf8 20.dxe5 Bxe5 
$17 {Ein weißer Bauer ist futsch.} 21.Be4 Qd4 22.Nc3 Qb4 23.Rcd1 Rd4 $6 ( 
{Einfach} 23...Bd7 $17 {.} ) 24.Rxd4 Qxd4 25.Rd1 Qb6 26.Kh1 Bd4 $14 $2 
{Fehler.} ( 26...Qc7 {ist richtig.} ) 27.Na4 ( 27.Bf3 {ist stark.} 27...Bxf2 $2 
28.Qh8+ Ke7 29.Qxg7 Qe3 30.Qh8 Qb6 31.Ne4 Bd4 32.Rxd4 Qxd4 $2 {Matt in 7.} ( 
32...e5 33.Qxe5+ Be6 34.Qf6+ Kf8 35.Qxh6+ {...} ) ) 27...Qc7 28.Nc3 Be5 29.Rc1 
Qd6 30.Rd1 Qb6 $6 ( 30...Qc7 31.Rc1 Qd6 32.Rd1 {und Remis.} ) 31.Qh8+ Ke7 
32.Qg8 Rb8 33.f4 Bd4 34.Bf3 Qa7 35.Re1 {führt nur zum Ausgleich.} ( 
{Übersieht:} 35.Bh5 $1 g6 36.Bxg6 fxg6 37.Ne2 Bd7 38.Qh7+ Kf6 39.Nxd4 Ba4 40.b3 
Qc5 41.bxa4 {...} ) 35...Bxc3 36.bxc3 g6 37.Rd1 Bd7 38.Qg7 Qe3 39.Qxh6 Qxc3 
40.f5 exf5 $2 {Schlägt mit dem falschen Bauern.} ( 40...gxf5 41.Qg5+ Kf8 42.Qf4 
Re8 43.Qh6+ Kg8 44.Qg5+ Kf8 45.Qh6+ {und Remis.} ) 41.Qf4 Rd8 42.Qd6+ Ke8 
43.Bxb7 Qe3 44.Qb4 Qe7 45.Qc3 Qh4 46.Bxa6 Kf8 47.Qc7 Ke8 48.a3 Qf6 49.Bc4 Qe7 
50.Qb6 Rc8 51.Qd4 Bc6 52.Qh8+ Qf8 53.Re1+ Kd7 54.Qe5 $6 ( {Nicht zu errechnen
sind Varianten wie:} 54.Qf6 $1 Re8 55.Rd1+ Kc7 56.Qd4 Qe7 57.Qa7+ Bb7 58.Bf1 
Qe4 59.Rc1+ Kd7 60.Bb5+ Kd6 61.Qc5+ Ke6 62.Qf2 Qxg2+ 63.Qxg2 Bxg2+ 64.Kxg2 
{...} ) 54...Qd6 55.Qxd6+ Kxd6 56.Bxf7 g5 57.Re6+ Kd7 58.Re5 Rb8 59.h4 Rb2 
60.Rxf5 Bxg2+ {Rest in 1 Stunde bzw. 1 Minute/Zug.} 61.Kg1 gxh4 62.Rf6 Ke7 
63.Rf2 Rxf2 64.Kxf2 {Remis.} 1/2-1/2

[Event "Treppenturnier 2023"]
[Site "Turnierstufe"]
[Date "2024.09.28"]
[Round "45-3"]
[White "Reflection II max Amsterdam"]
[Black "Reflection II max Super Expert C sel. 5"]
[Result "0-1"]
[WhiteElo "2197"]
[BlackElo "2181"]
[PlyCount "119"]

1.c4 c5 2.Nc3 Nc6 3.Nf3 Nf6 4.g3 {Buchende.} 4...e6 5.Bg2 d5 6.d3 {Aus dem Buch
und erneut Buchende.} 6...Be7 {Buchende.} 7.Bf4 O-O 8.e4 dxe4 9.dxe4 Qb6 10.b3 
Rd8 11.Bd2 Qc7 12.O-O Nd4 13.Bc1 a6 14.Re1 b5 15.cxb5 Nxb5 16.Nxb5 axb5 17.Qe2 
c4 18.Bf4 Qc5 19.bxc4 bxc4 20.Be3 Qb5 $10 21.Reb1 Qa4 22.Bb6 Re8 23.Ne5 c3 
24.Qd3 Bb7 {Endlich kommt der Läufer ins Spiel.} 25.f3 $2 {Da verrechnet sich
Amsterdam.} ( 25.Qxc3 {ist angesagt und dann} 25...Bxe4 26.Bxe4 Qxe4 27.Qd4 Ra4 
28.Qxe4 Nxe4 {...} ) 25...c2 ( {Stärker noch:} 25...Rec8 26.Rc1 c2 27.Bf1 Ba6 
28.Qb3 Bxf1 29.Qxa4 Rxa4 30.Kxf1 Ba3 {...} ) 26.Rb2 Rec8 27.Rc1 Ba3 28.Rcxc2 
Bxb2 29.Rxb2 Rc1+ 30.Kf2 Ra1 31.Qd2 Rxa2 32.Bd4 Rxb2 33.Qxb2 {(-1.84)} 33...Rc8 
{(+02.19)} 34.Bc3 {(-3.68)} 34...Qa7+ {(+02.24)} 35.Bd4 ( 35.Ke2 $2 Ba6+ 36.Nd3 
Rd8 37.Qb1 {...} ) 35...Rc2+ 36.Qxc2 Qxd4+ 37.Ke1 Qxe5 38.Bf1 Qa1+ 39.Qd1 Qxd1+ 
40.Kxd1 g5 41.Be2 e5 42.g4 Ne8 43.Bc4 Nd6 44.Bd5 Bxd5 {Jetzt dürfte für Schwarz
endgültig alles klar sein. Dennoch: weiterspielen.} 45.exd5 Kg7 46.Ke2 e4 
47.fxe4 Kf6 48.Kf3 {Hiarcs sagt hier: Matt in spätestens 27 Zügen.} 48...Ke5 
49.Ke3 Nxe4 50.Kf3 Kxd5 51.Ke3 h6 52.Kf3 Ke5 53.Ke3 f5 54.gxf5 Kxf5 55.Kf3 h5 
56.Ke3 Kg4 57.Kxe4 Kh3 58.Kf5 g4 59.Kg5 Kxh2 60.Kxh5 {(-9.99) Aufgabe.} 0-1

[Event "Treppenturnier 2023"]
[Site "Turnierstufe"]
[Date "2024.09.30"]
[Round "45-4"]
[White "Reflection II max Super Expert C sel. 5"]
[Black "Reflection II max Amsterdam"]
[Result "1/2-1/2"]
[WhiteElo "2191"]
[BlackElo "2187"]
[PlyCount "138"]

1.c4 e5 2.Nc3 Nf6 3.Nf3 Nc6 4.d4 exd4 5.Nxd4 Bb4 6.g3 Ne5 7.Qb3 Bxc3+ 8.Qxc3 
{Buchende.} 8...d5 {Buchende.} 9.Nb5 {SEC greift an, bevor er seine Entwicklung
abgeschlossen hat.} 9...Ng6 10.cxd5 O-O 11.Nxc7 Nxd5 12.Nxd5 Qxd5 13.f3 Re8 
14.Bg2 {(+01.23)} 14...Bd7 {(-0.55)} 15.e4 Rac8 16.Qa3 $6 ( 16.O-O {ist besser.} 
) 16...Rc2 {Und nun läuft nun der Konter gegen die zu frühe Attacke von Weiss.} 
( {Stark, aber nicht zu erkennen ist:} 16...Bb5 $1 $17 {und z.B.} 17.Qb3 Qc6 
18.Be3 Ne5 19.Kf2 Ba4 20.Rhc1 Qxc1 21.Rxc1 Bxb3 22.Rxc8 Rxc8 23.axb3 Rc2+ 
24.Kf1 Rxb2 25.Bxa7 Rxb3 {...} ) 17.O-O Qb5 18.Rf2 Rxf2 19.Kxf2 Rc8 20.Qb3 Qxb3 
21.axb3 Rc2+ 22.Kg1 a6 23.f4 Ne7 24.Bf1 Be6 25.Bd3 Rc7 26.b4 Bc4 27.Bb1 Nc6 
28.Ra3 Nxb4 29.Rc3 Rc6 30.Bd2 h6 31.Kf2 f6 32.Ra3 Rb6 33.Rc3 Rc6 34.Kf3 a5 {Die
Stellung ist wohl im Lot: aktive schwarze Stellung gegen das weiße Läuferpaar,
das nicht zur Entfaltung kommt.} 35.Ra3 Ra6 ( 35...Rd6 {dürfte besser sein.} ) 
36.b3 ( {Diese Abholzaktion könnte vielversprechend sein:} 36.Bxb4 axb4 37.Rxa6 
bxa6 38.Ke3 a5 39.Kd4 Bf7 40.Kc5 Be8 41.Bd3 Kf8 42.Bb5 Bg6 43.Kb6 Bxe4 44.Kxa5 
b3 45.Kb4 Ke7 46.Kxb3 {...} ) 36...Be6 37.Ke3 Kf7 38.Bc3 Rc6 39.Bxb4 axb4 
40.Ra7 Rc7 41.Ba2 Bc8 42.Kd2 Rc6 43.Ra4 Rd6+ 44.Ke3 Ra6 45.Kd4 Rd6+ 46.Kc5 Rd2 
47.h4 $6 {Kippt das Spiel doch noch zugunsten von A'dam?} ( 47.Kxb4 Rxh2 48.Kc5 
{...} ) 47...Bd7 48.Ra7 Bc6 49.Kxb4 Bxe4 50.Kc5 {Läufer und Turm von Weiss
stehen im Abseits.} 50...Kg6 51.b4 Kf5 52.Ra3 g5 53.fxg5 fxg5 54.hxg5 hxg5 {Nun
wird's wohl ein Remis.} 55.Bg8 Bg2 56.Re3 Rc2+ {(0.00)} 57.Kd4 {(00.00)} 
57...Rc6 ( 57...Rd2+ 58.Kc5 Rc2+ 59.Kd4 Rd2+ 60.Kc5 Rc2+ {Remis.} ) 58.Re5+ Kf6 
59.g4 Rd6+ 60.Bd5 Bxd5 61.Rxd5 Ke6 62.Rxd6+ Kxd6 63.Ke4 Ke6 64.Kd4 b6 65.Ke4 b5 
66.Kd4 Kd6 67.Ke4 Ke6 68.Kd4 Kd6 69.Ke4 Ke6 {Remis 3x.} 1/2-1/2

[Event "Treppenturnier 2023"]
[Site "Turnierstufe"]
[Date "2024.10.01"]
[Round "45-5"]
[White "Reflection II max Amsterdam"]
[Black "Reflection II max Super Expert C sel. 5"]
[Result "1/2-1/2"]
[WhiteElo "2187"]
[BlackElo "2191"]
[PlyCount "178"]

1.e4 c5 2.Nf3 e6 3.Be2 Nc6 4.O-O Nf6 5.Nc3 d5 {Buchende.} 6.exd5 exd5 7.d4 
{Buchende.} 7...cxd4 8.Nxd4 Bb4 9.Bb5 Bd7 $6 ( {Weg von der e-Linie.} 9...O-O ) 
10.Re1+ $14 Kf8 $6 {Rochade weg, dem A'dam hingegen geht es gut.} ( {Besser
ist:} 10...Be7 ) 11.Bg5 Bxc3 12.bxc3 h6 13.Bxf6 Qxf6 14.Rb1 Rc8 15.Qd3 b6 
16.Rbd1 Kg8 $6 ( 16...g6 ) 17.Bxc6 Bxc6 18.Nxc6 Qxc6 19.Re3 ( {Warum nicht} 
19.Re7 {?} ) 19...Qa4 ( 19...g6 {ist dringend geboten.} ) 20.Qf5 Rb8 21.Re7 Rf8 
22.Qxd5 Qa3 23.Rc7 $16 {Armer Novag.} 23...Qa6 24.Re1 Qa4 25.Qb3 Qa5 26.Qb4 
Qxb4 27.cxb4 a5 28.bxa5 bxa5 29.Re5 Ra8 30.h3 g6 31.f4 $6 {Gibt Schwarz die
Gelegenheit, Luft zu holen.} ( 31.Ree7 Rh7 32.c4 g5 33.c5 Rg7 34.c6 {...} ) 
31...Kg7 32.Ree7 Rhf8 33.Kf2 Rab8 34.a3 a4 35.Kf3 Rb2 36.Re4 Ra8 37.g3 Ra2 
38.Rc3 h5 39.Rb4 Ra7 40.g4 hxg4+ 41.hxg4 Ra1 42.g5 f6 43.gxf6+ Kxf6 44.Rb6+ Kf7 
45.Rd6 Rf1+ 46.Kg3 Re1 47.Rd4 Re2 48.Kf3 Rh2 49.Kg4 Rg2+ 50.Kh3 Rg1 51.Rcc4 Ra8 
52.Kh2 Rg4 {Es sieht erneut nach einem Remis aus.} 53.Rc7+ Kf6 54.Rd6+ Kf5 
55.Rc5+ Ke4 56.Kh3 Rxf4 57.Rxg6 Kd4 58.Rc7 Raf8 59.Rg3 Ke5 60.Re3+ Kd6 61.Rcc3 
Rg8 62.Rg3 Rgf8 63.Rgd3+ Ke5 64.Re3+ Kd4 65.Kg3 Rf1 66.Red3+ Ke5 67.Rc5+ Ke6 
68.Rc4 Rg8+ 69.Kh2 Rf2+ 70.Kh3 Rf1 71.Rg4 Rh1+ 72.Kg2 Rxg4+ 73.Kxh1 Kf6 74.c3 
Ke5 75.Kh2 Ke6 76.Kh3 Rg1 77.Rd4 Rc1 78.Kg2 Rc2+ 79.Kf1 Rxc3 80.Rxa4 {Remis.} 
80...Rc2 81.Rg4 Ke5 82.a4 Ra2 83.Ke1 Ke6 84.Kd1 Ke5 85.Kc1 Kd5 86.Kb1 Rh2 87.a5 
Kc6 88.Rg5 Kb7 89.Rf5 Ka6 {und Schluss. Remis.} 1/2-1/2

[Event "Treppenturnier 2023"]
[Site "Turnierstufe"]
[Date "2024.10.07"]
[Round "45-6"]
[White "Reflection II max Super Expert C sel. 5"]
[Black "Reflection II max Amsterdam"]
[Result "0-1"]
[WhiteElo "2191"]
[BlackElo "2187"]
[PlyCount "143"]

1.d4 Nf6 2.c4 e6 3.Nf3 d5 4.Nc3 Be7 5.Bg5 O-O 6.e3 h6 7.Bh4 b6 {Buchende.} 
8.cxd5 exd5 9.Bd3 {Buchende.} 9...Na6 $6 ( 9...Bb7 ) 10.Ne5 Nb4 11.Bb1 Bb7 
12.a3 Nc6 13.Bxf6 Bxf6 14.Qc2 Re8 15.Qh7+ Kf8 16.Nxf7 $5 {Spekulation. SEC
spielt den Zug trotz negativer Bewertung.} 16...Kxf7 17.Bg6+ Ke6 18.Bxe8 Qxe8 
19.Qd3 Ne7 20.O-O Qg6 21.e4 $5 {PSH. Inkorrekt, aber nicht langweilig!} 
21...dxe4 22.Rfe1 Kd7 23.Nxe4 Kd8 24.Rac1 Bd5 25.Rcd1 Nc6 26.b4 {Super Expert C
greift weiter an, will den Gegner zu Fehlern verführen.} 26...a6 27.Qe3 Kc8 
28.Kh1 Kb7 29.Qd3 Ka7 30.b5 axb5 31.f3 Bh4 32.Re3 Bc4 33.Qb1 Rd8 34.d5 Ne7 
35.d6 cxd6 36.Rc3 Bf6 37.Rcc1 Be5 38.a4 {Angriff ...} 38...Qh5 39.h3 Qf7 
40.axb5 Kb8 {... aber Amsterdam verteidigt sich umsichtig und richtig.} 41.Kg1 
g5 42.Nd2 Bd5 43.Qd3 Qf4 44.Nf1 h5 45.Qe3 Qxe3+ 46.Nxe3 Be6 {Das Läuferpaar
kontrolliert weiterhin das ganze Brett.} 47.Kf2 Rc8 48.Rxc8+ Nxc8 49.g4 hxg4 
50.hxg4 Na7 51.Rh1 Nxb5 52.Rh7 Nd4 53.Ng2 b5 {Das spielt sich nun fast von
allein.} 54.Ke3 b4 55.Ne1 Bc4 {A'dam spielt das sehr sicher.} 56.Nd3 Bxd3 ( 
56...Nc2+ {ist noch stärker, weil schneller:} 57.Kd2 Bxd3 58.Kxd3 b3 59.Rh1 Na3 
60.f4 {Was sonst?} 60...gxf4 61.g5 b2 62.Ke4 b1=Q+ 63.Rxb1+ Nxb1 {...} ) 
57.Kxd3 Nxf3 58.Rh3 Nh2 59.Ke4 Nxg4 60.Rb3 Bc3 {Rest mit 1 Minute/Zug bzw. in 1
Stunde.} 61.Rb1 Nf6+ 62.Kd3 d5 63.Rf1 g4 64.Rf5 Kc7 65.Rg5 Kd6 66.Kc2 d4 67.Rg6 
Ke5 68.Rg7 Kf5 69.Kd3 b3 70.Rb7 b2 71.Rb5+ Kf4 72.Rb8 {(resign) - Aufgabe.} 0-1

[Event "Treppenturnier 2023"]
[Site "Turnierstufe"]
[Date "2024.10.07"]
[Round "46-1"]
[White "Reflection II max Amsterdam"]
[Black "Reflection II max Nigel Short"]
[Result "1/2-1/2"]
[WhiteElo "2197"]
[BlackElo "2200"]
[PlyCount "152"]

1.e4 e5 2.Nc3 Nf6 3.Bc4 Bb4 4.Nf3 d6 5.O-O O-O {Buchende.} 6.d3 {Buchende.} 
6...c6 7.Bg5 Nbd7 8.Qd2 Qa5 9.Bb3 h6 10.Be3 d5 11.exd5 Nxd5 12.Bxd5 cxd5 13.a3 
Bxc3 14.bxc3 f5 15.c4 Qc7 16.Bxh6 $5 {Da hat Amsterdam wohl bei Super Expert C
abgeguckt. Er will den schwarzen Druck loswerden.} ( {Solider ist:} 16.Qb4 {und
dann etwa} 16...dxc4 17.Qxc4+ Qxc4 18.dxc4 b6 19.Rad1 e4 20.Nd4 {...} ) 
16...gxh6 17.cxd5 Kh7 18.Rae1 b6 19.c4 Ba6 20.Re3 Rae8 21.Rfe1 b5 22.Qc3 $6 ( 
{Sehr tief sind die Varianten nach:} 22.d4 e4 23.c5 Qd8 24.Ne5 Nxe5 25.dxe5 
{...} ) 22...bxc4 23.Nxe5 Nxe5 24.Rxe5 Rxe5 25.Rxe5 Rb8 26.Re1 Qg7 27.Qa5 Rb6 
28.d6 Qf7 29.dxc4 Bxc4 {Die Reihen haben sich gelichtet und die schwarze
Mehrfigur wiegt immer schwerer.} 30.Qc5 Be6 31.Qe5 Qd7 32.Rd1 Bb3 33.Rd4 Ra6 
34.Rd3 Bc4 35.Rd4 Be6 36.Rd3 Rc6 {Der vorgerückte weiße Bauer ist eine
permanente Drohung und steht zunächst sicher auf dem schwarzen Feld - nicht
angreifbar für die schwarze Mehrfigur.} 37.h3 Rb6 38.h4 Rb3 39.Rxb3 Bxb3 40.Kh2 
Be6 41.Kg3 Qg7+ 42.Kf4 Qg4+ 43.Ke3 Qd1 44.Qc5 Qe1+ 45.Kd3 Kg6 46.g3 Qd1+ 47.Ke3 
Bd7 48.Qxa7 Qxd6 49.Qa5 Bc6 50.Qc3 Bb5 51.f4 Qd1 $1 {Jetzt sollte es zu Ende
gehen.} 52.Kf2 Qh1 ( 52...Qe2+ {und Matt in 11.} 53.Kg1 Qf1+ 54.Kh2 Qf2+ 55.Kh1 
Be2 56.a4 Kh5 57.Qc6 Bf3+ 58.Qxf3+ Qxf3+ 59.Kh2 Kg4 60.a5 Qe2+ 61.Kg1 Kxg3 
62.h5 Qg2# ) 53.Ke3 Kh5 {Schwarz sollte endlich die Damen tauschen.} 54.Qb3 
Qg1+ 55.Kd2 Qd4+ 56.Ke1 Bd3 57.Qd1+ Kg6 58.h5+ Kf6 59.Qc1 Bb5 60.a4 Bxa4 {Oh
je.} ( {Warum nicht einfach} 60...Qg1+ 61.Kd2 Qxc1+ 62.Kxc1 Bxa4 {... ?} ) 
61.Ke2 Be8 {Mit dem 61. Zug kürzere Bedenkzeit: 1 min./Zug bzw. Rest in 1 Std.} 
62.Kf1 Bxh5 63.Qc6+ Kg7 64.Qc7+ Kg6 65.Qc6+ Kh7 66.Qb7+ Qg7 67.Qb3 Qa1+ 68.Kg2 
Qa8+ 69.Kf2 Qh1 {Nigel Short führt dieses Endspiel nicht gerade konsequent.} 
70.Qd3 Bg4 $4 {Erlaubt dem Weißen Dauerschach! Auch in der 2200er-Klasse sollte
man bis zum technischen Ende spielen.} 71.Qd7+ {A'dam sieht es (0.12) ...} 
71...Kh8 {... und nun auch NS (0.00).} 72.Qe8+ Kg7 73.Qe7+ Kg8 74.Qe8+ Kg7 
75.Qe7+ Kg8 76.Qe8+ Kg7 {Remis 3x.} 1/2-1/2

[Event "Treppenturnier 2023"]
[Site "Turnierstufe"]
[Date "2024.10.10"]
[Round "46-2"]
[White "Reflection II max Nigel Short"]
[Black "Reflection II max Amsterdam"]
[Result "1-0"]
[WhiteElo "2200"]
[BlackElo "2197"]
[PlyCount "89"]

1.c4 e5 2.Nc3 Nc6 3.Nf3 Nf6 4.g3 d5 5.cxd5 Nxd5 6.Bg2 Nb6 7.O-O Be7 {Buchende.} 
8.a3 {Buchende.} 8...Be6 9.b4 O-O 10.d3 a6 11.Ne4 a5 12.b5 Nd4 13.Nxd4 Qxd4 
14.Be3 Qb2 15.Nc5 Bd5 16.a4 Bxg2 17.Kxg2 Bxc5 18.Bxc5 Rfd8 19.Re1 h6 20.e4 
{Nigel Short ist der aktivere, ...} 20...Qc3 21.d4 {... drückt den rückständigen
Bauern vorwärts, ...} 21...Qc4 22.Bxb6 cxb6 {... verschafft dem Gegner einen
Doppelbauern ...} 23.d5 {... und sich selbst einen gedeckten Freibauern.} 
23...Rac8 24.Rc1 Qb4 25.Re2 Re8 26.Rxc8 Rxc8 27.f3 Rc4 28.Rd2 Qc5 29.Qa1 f6 $2 
{Unterschätzt die Kraft des Freibauern.} ( {Nach} 29...Rd4 ) ( 29...Rc2 {oder} 
) ( 29...Qb4 {wird's vermutlich ein Remis.} ) 30.d6 $1 {Nun verliert Schwarz in
jeder Variante.} 30...Rc1 {A'dam sagt (0.00).} 31.Qa2+ {NS sagt (+2.15)} 
31...Kh7 {(-0.20)} 32.Kh3 Qg1 33.d7 Qf1+ {A'dam bemerkt immer noch nichts:
(+0.24)} 34.Kh4 Rc3 {(-2.84) Jetzt merkt er was. Es gibt allerdings nur zwei
Züge, die den weißen Sieg sichern.} 35.Qe6 $3 {Saustark gespielt, der andere
Siegzug ist:} ( 35.Rf2 $1 Qd1 36.Qd5 Rd3 37.d8=Q Rxd5 38.Qxd5 Qxd5 39.exd5 
{...} ) 35...g5+ 36.Kh5 {(+8.86)} 36...Qxf3+ 37.Qg4 Qxg4+ 38.Kxg4 Kg6 39.d8=Q 
h5+ 40.Kh3 Re3 41.Qg8+ {Mattankündigung.} 41...Kh6 42.Rd7 Rxg3+ 43.hxg3 g4+ 
44.Kh4 f5 45.Qe6# 1-0

[Event "Treppenturnier 2023"]
[Site "Turnierstufe"]
[Date "2024.10.11"]
[Round "46-3"]
[White "Reflection II max Amsterdam"]
[Black "Reflection II max Nigel Short"]
[Result "0-1"]
[WhiteElo "2187"]
[BlackElo "2210"]
[PlyCount "129"]

1.d4 d5 2.c4 e6 3.Nc3 Be7 4.Nf3 Nf6 5.Bg5 O-O 6.e3 h6 7.Bh4 Ne4 8.Bxe7 Qxe7 
9.cxd5 Nxc3 10.bxc3 {Buchende.} 10...exd5 {Buchende.} 11.Bd3 c5 12.O-O c4 
13.Bc2 Bg4 14.h3 Bh5 15.g4 Bg6 16.Bxg6 fxg6 17.Ne5 Rf6 18.Qb1 Rb6 19.Qc2 Qe6 
20.Rab1 g5 21.e4 Nd7 {Schließt die Entwicklung ab, alles ist ok, der weiße
Vorteil strebt gegen Null.} 22.exd5 Qxd5 23.Rfe1 Rxb1 24.Qxb1 Re8 25.Nxd7 Rxe1+ 
26.Qxe1 Qxd7 27.Qe4 b5 28.Kg2 Kf7 29.f4 gxf4 30.Qxf4+ Kg6 31.Qe5 Kf7 32.Kf3 
Qc6+ 33.d5 Qf6+ 34.Qxf6+ Kxf6 {Remis, wenn keiner noch in ein Fettnäpfchen
tritt.} 35.Ke4 Ke7 36.h4 g6 37.Ke5 b4 38.Kd4 b3 39.axb3 cxb3 40.Kd3 a5 41.c4 $1 
{Jeder andere Zug verliert.} 41...a4 42.Kc3 Kd6 43.h5 $2 {Verliert! Beide sehen
es aber nicht.} ( {Nur} 43.Kb2 $1 {hält das Remis.} ) 43...gxh5 44.gxh5 Kc5 
45.Kd3 {(-3.76) Jetzt erkennt Amsterdam den Verlust.} 45...Kb4 $4 {Aber NS
rechnet nun über 12 Minuten und greift daneben!} ( 45...a3 $1 {Matt in 10:} 
46.Kc3 a2 47.Kb2 Kxc4 48.d6 Kd3 49.Kxb3 a1=Q 50.Kb4 Qd4+ 51.Ka5 Qxd6 52.Ka4 Qb6 
53.Ka3 Kc3 54.Ka2 Qb2# ) 46.d6 Ka3 {Remis.} 47.d7 b2 48.Kc2 $2 ( 48.d8=Q {!} 
48...b1=Q+ 49.Kd2 Qb2+ 50.Kd3 {...} ) 48...Ka2 49.Kc3 b1=Q 50.d8=Q Qb3+ 51.Kd2 
Qb4+ 52.Ke3 Qxc4 $2 ( 52...a3 $1 ) 53.Qd2+ $2 ( 53.Kd2 $1 ) 53...Kb3 $1 {Nun
muss Schwarz endgültig gewinnen.} 54.Qd1+ Kb2 55.Qd6 a3 56.Kd2 Qc2+ 57.Ke1 Qc3+ 
58.Ke2 a2 59.Qb6+ Kc2 60.Qg6+ Kb3 61.Qb6+ Qb4 62.Qe3+ Kc2 63.Qa7 Qd2+ 64.Kf3 
Qd1+ 65.Kg3 {(-9.99) Amsterdam gibt auf.} 0-1